La Crisis del refugiado. Reflexión bíblica /

Gespeichert in:
Bibliographische Detailangaben
1. Verfasser: Tamez, Elsa
Format: Text
Schlagworte:
Tags: Tag hinzufügen
Keine Tags, Fügen Sie den ersten Tag hinzu!

MARC

LEADER 00000 a a2200000 04500
001 11965
003
040
100 |a Tamez, Elsa  
245 |a La Crisis del refugiado. Reflexión bíblica /  |c Elsa Tamez 
650 |a CRISTIANISMO  
650 |a REFUGIADOS  
650 |a COMPORTAMIENTO SOCIAL  
650 |a MINORIAS RELIGIOSAS  
650 |a IDENTIDAD CULTURAL  
650 |a MARGINALIDAD  
773 |g número 2; páginas 12, 17-18  
999 |c 34685  |d 34685